| 000 | 01128nam a22002657a 4500 | ||
|---|---|---|---|
| 005 | 20080822142459.0 | ||
| 008 | 080822t xxu||||| |||| 00| 0 hin d | ||
| 010 | _aHIN-84031 | ||
| 020 |
_c195.00 _a9788120331815 |
||
| 035 | _aHN-56377 | ||
| 037 | _aDBAD / PUB | ||
| 040 |
_aDPL _bHN |
||
| 082 | _a301 | ||
| 100 | _aसिंह, जे.पी. | ||
| 245 |
_aसमाजशास्त्र के मूलतत्व / _cजे.पी.सिंह |
||
| 246 |
_aSamaajshaastra ke mulatatva _bby J.P. Singh |
||
| 250 | _a2रा संस्क | ||
| 260 |
_aनई दिल्ली _bप्रेंटिस हाल आफ इंडिया _c2007 |
||
| 270 |
_aएम-97, कनाट प्लेस _bनई दिल्ली _e110001 |
||
| 300 |
_ax,260पृ _c22सेमी (अजिल्द) |
||
| 650 | _aसमाजशास्त्र | ||
| 650 | _aSociology | ||
| 942 |
_2ddc _cHN _kसिंहजे _h301 |
||
| 999 |
_c14990 _d14990 |
||